[Event "Turkey Cup 2020"]
[Site "Antalya-Belek"]
[Date "2020.01.28"]
[Round "4.63"]
[White "Yakar, Azat"]
[Black "Kocakaplan, Emre"]
[Result "1/2-1/2"]
[WhiteElo "1469"]
[BlackElo "1857"]
[Annotator "NA"]
[PlyCount "76"]
[EventDate "2020.01.26"]
[EventType "swiss"]
[EventCountry "TUR"]
[SourceTitle "playchess.com"]
[Source "ChessBase"]
[SourceQuality "1"]

1. e4 c5 2. Nf3 Nc6 3. d3 g6 4. g3 Bg7 5. Bg2 d6 6. O-O e6 7. Re1 Nge7 8. c3 O-O 9. d4 cxd4 10. cxd4 Qb6 11. Be3 Qxb2 12. Nbd2 d5 13. e5 Qb6 14. Rb1 Qc7 15. Nf1 Bd7 16. h4 h5 17. Bh3 Rab8 18. N1h2 Nf5 19. Bf4 b5 20. g4 hxg4 21. Nxg4 Kh8 22. Ne3 Nce7 23. Bxf5 Nxf5 24. h5 Rfc8 25. Nxf5 exf5 26. hxg6 fxg6 27. Ng5 Kg8 28. Qf3 Qc3 29. Qxd5+ Kh8 30. Kg2 Bc6 31. Rh1+ Bh6 32. Rxh6+ Kg7 33. Rh7+ Kf8 34. Rh8+ Ke7 35. Rh7+ Ke8 36. Rh8+ Ke7 37. Rh7+ Kf8 38. Rh8+ Ke7 1/2-1/2

[Event "Turkey Cup 2020"]
[Site "Antalya-Belek"]
[Date "2020.01.28"]
[Round "4.64"]
[White "Gursu, Ahmet Burak"]
[Black "Erdogmus, Yagiz Kaan"]
[Result "0-1"]
[WhiteElo "1297"]
[BlackElo "1866"]
[Annotator "NA"]
[PlyCount "160"]
[EventDate "2020.01.26"]
[EventType "swiss"]
[EventCountry "TUR"]
[SourceTitle "playchess.com"]
[Source "ChessBase"]
[SourceQuality "1"]

1. d4 d5 2. c4 e6 3. Nc3 Be7 4. cxd5 exd5 5. Bf4 c6 6. e3 Nf6 7. Bd3 O-O 8. h3 Nbd7 9. Nf3 Re8 10. O-O Nf8 11. Ne5 Ng6 12. Bg3 Nxe5 13. dxe5 Nd7 14. Rc1 Nf8 15. Qc2 Ng6 16. Rfd1 Bh4 17. Bxg6 hxg6 18. Bf4 Bg5 19. Bg3 Qb6 20. Na4 Qb5 21. Nc3 Qa5 22. Qb3 Qb6 23. Qa3 Be7 24. Qa4 Be6 25. b3 Red8 26. Qd4 Bf5 27. Qxb6 axb6 28. e6 Ba3 29. exf7+ Kxf7 30. Bc7 Rdc8 31. Bxb6 Bxc1 32. Rxc1 Bd3 33. Rd1 Ra6 34. Bd4 Bf5 35. g4 Be6 36. e4 c5 37. exd5 cxd4 38. dxe6+ Kxe6 39. Nb5 Rxa2 40. Nxd4+ Ke5 41. Kg2 Rc3 42. Nf3+ Ke6 43. h4 Ke7 44. Re1+ Kd6 45. Rd1+ Kc7 46. Nd4 Kb6 47. Ne6 Rxb3 48. Nxg7 Rbb2 49. Rf1 Ra8 50. Ne6 Kc6 51. Rd1 Re8 52. Nf4 Re4 53. Kf3 Ra4 54. Nxg6 Rb3+ 55. Ke2 Rb2+ 56. Kd3 Rxf2 57. Ke3 Rf6 58. Ne5+ Kc7 59. Rd5 Re6 60. Kf3 Rf6+ 61. Kg3 Rb6 62. h5 Rf6 63. g5 Rf5 64. g6 Rxh5 65. Rd7+ Kb6 66. g7 Ra8 67. Ng4 Rg8 68. Kf4 Rh7 69. Rd1 Rhxg7 70. Rb1+ Ka7 71. Ra1+ Kb8 72. Ne5 Rf8+ 73. Ke4 Re7 74. Kd5 Rd8+ 75. Ke4 Rde8 76. Ra5 Kc7 77. Kd4 Rxe5 78. Rxe5 Rxe5 79. Kxe5 Kc6 80. Kd4 Kb5 0-1

[Event "Turkey Cup 2020"]
[Site "Antalya-Belek"]
[Date "2020.01.28"]
[Round "4.65"]
[White "Muftuoglu, Musa Emin"]
[Black "Yenice, Yusuf Erkan"]
[Result "1/2-1/2"]
[WhiteElo "1834"]
[BlackElo "1508"]
[Annotator "NA"]
[PlyCount "80"]
[EventDate "2020.01.26"]
[EventType "swiss"]
[EventCountry "TUR"]
[SourceTitle "playchess.com"]
[Source "ChessBase"]
[SourceQuality "1"]

1. d4 d6 2. Bg5 Nd7 3. e3 Ngf6 4. Nd2 g6 5. Bc4 Bg7 6. Ngf3 O-O 7. O-O c6 8. c3 Qe8 9. Qe2 e5 10. e4 h6 11. Bh4 Kh8 12. Rad1 Nh5 13. dxe5 dxe5 14. Bb3 Nc5 15. Bc2 b6 16. b4 Ba6 17. c4 Ne6 18. a4 c5 19. b5 Bb7 20. Nb3 Nd4 21. Nfxd4 Nf4 22. Qf3 cxd4 23. Bg3 Ne6 24. Qe2 g5 25. a5 Rc8 26. a6 Ba8 27. Bd3 f6 28. Rc1 Nc5 29. Nxc5 Rxc5 30. f3 Qe6 31. Be1 Rfc8 32. Bb4 R5c7 33. Qb2 Bf8 34. Bxf8 Rxf8 35. Qb4 Rfc8 36. Rc2 Rc5 37. Qd2 Kg7 38. g4 Rh8 39. Kg2 h5 40. h3 h4 1/2-1/2

[Event "Turkey Cup 2020"]
[Site "Antalya-Belek"]
[Date "2020.01.28"]
[Round "4.66"]
[White "Bayik, Hasan"]
[Black "Ipek, Suat Sukru"]
[Result "1-0"]
[WhiteElo "1822"]
[BlackElo "1561"]
[Annotator "NA"]
[PlyCount "45"]
[EventDate "2020.01.26"]
[EventType "swiss"]
[EventCountry "TUR"]
[SourceTitle "playchess.com"]
[Source "ChessBase"]
[SourceQuality "1"]

1. d4 Nf6 2. c4 g6 3. Nc3 Bg7 4. e4 d6 5. Nf3 O-O 6. Be2 e5 7. dxe5 dxe5 8. Qxd8 Rxd8 9. Bg5 Re8 10. Nd5 Nxd5 11. cxd5 Bg4 12. Rc1 c6 13. Bc4 Bxf3 14. gxf3 h6 15. Be3 Bf8 16. Rg1 Kg7 17. Ke2 c5 18. d6 Bxd6 19. Bxh6+ Kxh6 20. Bxf7 Nc6 21. Rxg6+ Kh7 22. Rcg1 Bf8 23. R1g3 1-0

[Event "Turkey Cup 2020"]
[Site "Antalya-Belek"]
[Date "2020.01.28"]
[Round "4.67"]
[White "Oney, Adil Feridun"]
[Black "Erdal, Kerem"]
[Result "1-0"]
[WhiteElo "2041"]
[BlackElo "1691"]
[Annotator "NA"]
[PlyCount "115"]
[EventDate "2020.01.26"]
[EventType "swiss"]
[EventCountry "TUR"]
[SourceTitle "playchess.com"]
[Source "ChessBase"]
[SourceQuality "1"]

1. d4 d5 2. Nf3 Nf6 3. Bf4 Bf5 4. c3 e6 5. Nbd2 Be7 6. h3 h6 7. e3 O-O 8. Be2 c5 9. O-O Nc6 10. Ne5 Nxe5 11. Bxe5 Bd6 12. Nf3 Bxe5 13. Nxe5 Ne4 14. Bd3 Qg5 15. Nf3 Qe7 16. dxc5 Qxc5 17. Nd4 Bg6 18. Re1 e5 19. Nb3 Qc6 20. Qc2 Ng5 21. Rad1 Bh5 22. Be2 Bxe2 23. Qxe2 Rad8 24. f4 exf4 25. exf4 Rfe8 26. Qd3 Ne4 27. Nd4 Qf6 28. Qf3 Qb6 29. Re2 Qa6 30. a3 Qg6 31. Kh2 Re7 32. Rde1 Rde8 33. g4 Qf6 34. Nf5 Re6 35. Qd3 Nc5 36. Qd2 Rxe2+ 37. Rxe2 Rxe2+ 38. Qxe2 Qe6 39. Qf2 Nd3 40. Qd2 Qe4 41. Kg3 Qe1+ 42. Qxe1 Nxe1 43. Ne7+ Kf8 44. Nxd5 Nd3 45. b4 Ke8 46. Kf3 Ne1+ 47. Ke2 Nc2 48. a4 Na3 49. Ne3 b5 50. a5 Kd7 51. Nf5 g5 52. Nxh6 gxf4 53. Nxf7 Ke6 54. Ng5+ Ke5 55. Kd3 Nc4 56. Nf3+ Kf6 57. Ke4 Nd2+ 58. Nxd2 1-0

[Event "Turkey Cup 2020"]
[Site "Antalya-Belek"]
[Date "2020.01.28"]
[Round "4.68"]
[White "Koksal, Recep"]
[Black "Sahin, Handenur"]
[Result "0-1"]
[WhiteElo "1709"]
[BlackElo "2024"]
[Annotator "NA"]
[PlyCount "175"]
[EventDate "2020.01.26"]
[EventType "swiss"]
[EventCountry "TUR"]
[SourceTitle "playchess.com"]
[Source "ChessBase"]
[SourceQuality "1"]

1. d4 d5 2. Nf3 Nf6 3. c4 c6 4. Nc3 dxc4 5. e3 b5 6. a4 b4 7. Na2 e6 8. Bxc4 Be7 9. Bd2 a5 10. Nc1 O-O 11. Nd3 Nbd7 12. Rc1 Bb7 13. O-O c5 14. Nf4 Qb6 15. dxc5 Nxc5 16. b3 Rad8 17. Qe2 Nfe4 18. Rfd1 Bf6 19. Be1 Bc3 20. Nh5 Bxe1 21. Rxe1 Nc3 22. Qb2 Bxf3 23. gxf3 Nd3 24. Bxd3 Rxd3 25. Nf4 Rd7 26. Ne2 Nd5 27. Qd4 Qb7 28. Qc5 Nf6 29. Nd4 Rd5 30. Qc6 Qb8 31. Rc5 Qe5 32. Rec1 Qg5+ 33. Kf1 h6 34. Rxd5 Nxd5 35. Qc5 Qg6 36. Qxa5 Qd3+ 37. Kg2 Nxe3+ 38. fxe3 Qd2+ 39. Ne2 Qxe2+ 40. Kg3 Qxe3 41. Rc4 Qxb3 42. Rxb4 Qc3 43. Qb6 Qe5+ 44. Kf2 Qxh2+ 45. Ke3 Qg1+ 46. Ke4 Qxb6 47. Rxb6 Ra8 48. Rb4 Ra5 49. Kd3 g5 50. Kc3 h5 51. Rb8+ Kg7 52. Kb4 Rf5 53. a5 Rf4+ 54. Kb5 Rxf3 55. Kb6 Rb3+ 56. Kc7 Ra3 57. Kb6 h4 58. Rd8 h3 59. Rd1 g4 60. a6 g3 61. a7 h2 62. Rd3 Rxa7 63. Rxg3+ Kf8 64. Rh3 Ra2 65. Kc5 Ke7 66. Rh6 Rd2 67. Kc4 e5 68. Kc3 Rg2 69. Kd3 f6 70. Ke3 Ke6 71. Ke4 Ra2 72. Rh8 f5+ 73. Ke3 Ra3+ 74. Kf2 Kd5 75. Kg2 Ra2+ 76. Kh1 Ke4 77. Rh4+ Kd3 78. Rd4+ Ke2 79. Rh4 Ra1+ 80. Kxh2 f4 81. Rh5 Ra5 82. Kg1 Kf3 83. Rh3+ Kg4 84. Rb3 Ra2 85. Rb4 Kg3 86. Rb1 f3 87. Kf1 Rh2 88. Kg1 0-1

[Event "Turkey Cup 2020"]
[Site "Antalya-Belek"]
[Date "2020.01.28"]
[Round "4.69"]
[White "Yanikoglu, Omer"]
[Black "Celebi, Orhan"]
[Result "1/2-1/2"]
[WhiteElo "1635"]
[BlackElo "1834"]
[Annotator "NA"]
[PlyCount "104"]
[EventDate "2020.01.26"]
[EventType "swiss"]
[EventCountry "TUR"]
[SourceTitle "playchess.com"]
[Source "ChessBase"]
[SourceQuality "1"]

1. Nf3 d5 2. d4 e6 3. c4 c5 4. e3 Nc6 5. Nc3 Nf6 6. Be2 Be7 7. O-O O-O 8. a3 a6 9. dxc5 Bxc5 10. b4 Be7 11. cxd5 exd5 12. Bb2 h6 13. Rc1 Be6 14. Nd4 Nxd4 15. Qxd4 Ne8 16. Rfd1 Bf6 17. Qd2 Qd7 18. Bf3 Rd8 19. Ne2 Bxb2 20. Qxb2 Nf6 21. Rc3 Rc8 22. Rdc1 Rxc3 23. Rxc3 Rc8 24. Nd4 Bg4 25. Bxg4 Qxg4 26. Rxc8+ Qxc8 27. Qc2 Qc4 28. Qxc4 dxc4 29. b5 axb5 30. Nxb5 Ne4 31. Nd4 Kf8 32. Kf1 Ke7 33. f3 Nc3 34. Ke1 b5 35. e4 Kd6 36. Nc2 Kc5 37. Kd2 Na4 38. f4 Nb6 39. g4 Nc8 40. h4 Ne7 41. Ke3 Nc6 42. h5 f6 43. Kd2 Nd4 44. Ne3 Ne6 45. Nf5 Nxf4 46. Nxg7 Kd4 47. Nf5+ Kxe4 48. Nxh6 Ne6 49. Ng8 Ke5 50. h6 Ng5 51. Kc3 Nh7 52. a4 bxa4 1/2-1/2

[Event "Turkey Cup 2020"]
[Site "Antalya-Belek"]
[Date "2020.01.28"]
[Round "4.70"]
[White "Arpa, Emre"]
[Black "Kecili, Mustafa Firat"]
[Result "1/2-1/2"]
[WhiteElo "1815"]
[BlackElo "1673"]
[Annotator "NA"]
[PlyCount "160"]
[EventDate "2020.01.26"]
[EventType "swiss"]
[EventCountry "TUR"]
[SourceTitle "playchess.com"]
[Source "ChessBase"]
[SourceQuality "1"]

1. e4 c5 2. Nf3 e6 3. d4 cxd4 4. Nxd4 Nc6 5. Nc3 d6 6. Be3 Nf6 7. f3 h5 8. a3 Qc7 9. Ndb5 Qb8 10. Qd2 a6 11. Nd4 Qc7 12. b4 Nxd4 13. Bxd4 Bd7 14. Bd3 Rc8 15. Ne2 e5 16. Be3 d5 17. O-O dxe4 18. fxe4 Ng4 19. Kh1 Nxe3 20. Qxe3 Be6 21. c4 g6 22. c5 Bh6 23. Qf2 O-O 24. Rad1 Rcd8 25. Nc3 Rd4 26. Nd5 Bxd5 27. exd5 Rxd5 28. Bc4 Rxd1 29. Rxd1 Qe7 30. Rd6 Qg5 31. Bd5 Qc1+ 32. Qg1 Qxa3 33. Rxg6+ Kh7 34. Rf6 Qxb4 35. Qf1 Bf4 36. g3 Qxc5 37. Qd3+ Kg7 38. Rf5 Qc1+ 39. Kg2 Qd2+ 40. Qxd2 Bxd2 41. Bxb7 Bc3 42. Bxa6 Re8 43. Rxh5 e4 44. Rg5+ Kf6 45. Rc5 Bd4 46. Rd5 Ba7 47. Bc4 Rc8 48. Bb3 Rc3 49. Rb5 Rf3 50. Rb7 Rf2+ 51. Kh3 Bd4 52. Rxf7+ Kg5 53. Rd7 Bf6 54. Rd5+ Rf5 55. Rd1 e3 56. Bc4 Re5 57. Be2 Re7 58. Kg2 Bc3 59. Rd6 Bd2 60. h3 Rf7 61. Bf3 Re7 62. Kf1 Ra7 63. Ke2 Ra1 64. Kd3 Rg1 65. h4+ Kf5 66. g4+ Kf4 67. Be2 Ra1 68. g5 Ra3+ 69. Kc2 Rc3+ 70. Kb2 Rc7 71. g6 Kg3 72. h5 Kf2 73. Bg4 Bc3+ 74. Kb3 e2 75. Bxe2 Kxe2 76. h6 Ba1 77. Kb4 Kf3 78. Kb5 Kf4 79. Rd1 Kg5 80. Kb6 Re7 1/2-1/2

[Event "Turkey Cup 2020"]
[Site "Antalya-Belek"]
[Date "2020.01.28"]
[Round "4.71"]
[White "Kayan, Yasar Efe"]
[Black "Aydogdu, Selcan Ayberk"]
[Result "0-1"]
[WhiteElo "1641"]
[BlackElo "1940"]
[Annotator "NA"]
[PlyCount "76"]
[EventDate "2020.01.26"]
[EventType "swiss"]
[EventCountry "TUR"]
[SourceTitle "playchess.com"]
[Source "ChessBase"]
[SourceQuality "1"]

1. e4 e6 2. d4 d5 3. e5 c5 4. c3 Nc6 5. Nf3 Bd7 6. Na3 f6 7. exf6 Nxf6 8. Bd3 cxd4 9. cxd4 a6 10. O-O Bd6 11. Re1 O-O 12. Ng5 Nxd4 13. Nxh7 Nxh7 14. Bxh7+ Kxh7 15. Qxd4 Qf6 16. Qxf6 Rxf6 17. Be3 e5 18. Rad1 Bc6 19. Bg5 Rf5 20. Bh4 Re8 21. g4 Rf4 22. h3 Rf3 23. Re3 d4 24. Rxf3 Bxf3 25. Rd3 Be2 26. Rd2 d3 27. Nb1 e4 28. Nc3 Bf3 29. Bg5 Rc8 30. Kf1 Kg6 31. Be3 Rh8 32. Ke1 Rxh3 33. Rd1 Bxd1 34. Kxd1 Rh1+ 35. Kd2 Bb4 36. a3 Bxc3+ 37. Kxc3 Re1 38. Bd2 Re2 0-1

[Event "Turkey Cup 2020"]
[Site "Antalya-Belek"]
[Date "2020.01.28"]
[Round "4.72"]
[White "Kaptan, Emre Akin"]
[Black "Fazla, Onder Zafer"]
[Result "1-0"]
[WhiteElo "1869"]
[BlackElo "1646"]
[Annotator "NA"]
[PlyCount "129"]
[EventDate "2020.01.26"]
[EventType "swiss"]
[EventCountry "TUR"]
[SourceTitle "playchess.com"]
[Source "ChessBase"]
[SourceQuality "1"]

1. e4 Nf6 2. e5 Nd5 3. d4 d6 4. c4 Nb6 5. exd6 cxd6 6. Nc3 g6 7. Be3 Bg7 8. Nf3 Be6 9. d5 Bg4 10. Bd4 Bxf3 11. gxf3 O-O 12. Bxg7 Kxg7 13. Qd4+ Kg8 14. O-O-O N8d7 15. f4 Nf6 16. h4 Qc8 17. b3 Qc5 18. Qxc5 dxc5 19. Bh3 a5 20. Rhe1 a4 21. Rxe7 axb3 22. axb3 Ra1+ 23. Kb2 Rxd1 24. Nxd1 Rb8 25. f5 Kf8 26. Re3 Nc8 27. fxg6 hxg6 28. Rf3 Kg7 29. Bxc8 Rxc8 30. Nc3 Rh8 31. Rf4 Nd7 32. Re4 Kf6 33. d6 Ne5 34. Nd5+ Kf5 35. Rf4+ Ke6 36. Rf6+ Kd7 37. f4 Nd3+ 38. Kc3 Nf2 39. Rxf7+ Kxd6 40. Rxb7 Rxh4 41. Rb6+ Kd7 42. Rxg6 Rh3+ 43. Kc2 Nd3 44. f5 Ne1+ 45. Kd1 Nf3 46. Rg7+ Kd6 47. Rg6+ Kd7 48. Nf6+ Kd6 49. Ne4+ Ke5 50. Nxc5 Kxf5 51. Rd6 Ne5 52. Rd5 Kf4 53. Kc2 Nc6 54. Nd3+ Rxd3 55. Rxd3 Nb4+ 56. Kc3 Nc6 57. b4 Ke5 58. b5 Na5 59. b6 Nc6 60. b7 Ke6 61. c5 Ke7 62. Rd6 Nb8 63. Rh6 Kd7 64. Rh8 Kc7 65. Rxb8 1-0

[Event "Turkey Cup 2020"]
[Site "Antalya-Belek"]
[Date "2020.01.28"]
[Round "4.73"]
[White "Topcuoglu, Ata"]
[Black "Kalemler, Kaan"]
[Result "1/2-1/2"]
[WhiteElo "1721"]
[BlackElo "1841"]
[Annotator "NA"]
[PlyCount "126"]
[EventDate "2020.01.26"]
[EventType "swiss"]
[EventCountry "TUR"]
[SourceTitle "playchess.com"]
[Source "ChessBase"]
[SourceQuality "1"]

1. f4 d5 2. Nf3 c5 3. e3 Nc6 4. Bb5 Nf6 5. Bxc6+ bxc6 6. b3 d4 7. O-O Ba6 8. d3 g6 9. e4 Bg7 10. Ne5 Nd7 11. Nxd7 Qxd7 12. Ba3 f5 13. Nd2 Qd6 14. exf5 gxf5 15. Qh5+ Qg6 16. Qxg6+ hxg6 17. Rae1 Bf6 18. Bxc5 Kf7 19. Nf3 Rhd8 20. Ne5+ Kg7 21. Re2 Rd5 22. b4 Bb5 23. Rfe1 a5 24. a3 axb4 25. axb4 Re8 26. Nf3 Rd7 27. h3 Kf7 28. Ne5+ Bxe5 29. Rxe5 e6 30. Ra1 Kf6 31. h4 Red8 32. Kf2 Rd5 33. Ra7 R5d7 34. Re1 Rxa7 35. Bxa7 Ba4 36. Re2 Kf7 37. Ke1 Kf6 38. Kd2 Kf7 39. Re1 Bb5 40. Ra1 Kf6 41. Bc5 e5 42. Ra7 Rd5 43. g3 e4 44. Be7+ Ke6 45. Bc5 Kf6 46. Ra8 Kf7 47. Rf8+ Kg7 48. Re8 Kf7 49. Re5 e3+ 50. Kd1 Rd8 51. Re7+ Kf6 52. Ra7 Ke6 53. Rg7 Kf6 54. Be7+ Kxg7 55. Bxd8 Ba4 56. Bb6 e2+ 57. Kxe2 Bxc2 58. Bxd4+ Kf7 59. Kd2 Ba4 60. Kc3 Ke6 61. Kd2 Kd5 62. Ke3 Bd1 63. Bc5 Bg4 1/2-1/2

[Event "Turkey Cup 2020"]
[Site "Antalya-Belek"]
[Date "2020.01.28"]
[Round "4.74"]
[White "Celik, Eylul"]
[Black "Yilmaz, Cumhur"]
[Result "0-1"]
[WhiteElo "1865"]
[BlackElo "1719"]
[Annotator "NA"]
[PlyCount "88"]
[EventDate "2020.01.26"]
[EventType "swiss"]
[EventCountry "TUR"]
[SourceTitle "playchess.com"]
[Source "ChessBase"]
[SourceQuality "1"]

1. d4 d5 2. c4 c6 3. Nf3 Nf6 4. Nc3 dxc4 5. a4 Bf5 6. e3 e6 7. Bxc4 Bb4 8. O-O O-O 9. Qe2 Ne4 10. Nxe4 Bxe4 11. Nd2 Bg6 12. Nb3 Qh4 13. f3 Nd7 14. e4 Rad8 15. Be3 b6 16. Nc1 Bd6 17. g3 Qh5 18. e5 Be7 19. h4 c5 20. g4 Qxh4 21. Kg2 cxd4 22. Rh1 Qxh1+ 23. Kxh1 dxe3 24. Qxe3 Nc5 25. b4 Rd1+ 26. Kg2 Rfd8 27. Ra2 Nd3 28. Bxd3 Bxd3 29. Rb2 Ba6 30. a5 R1d4 31. b5 Bb7 32. axb6 axb6 33. Kg3 Bc5 34. Qg5 h6 35. Qh4 Rd1 36. Nb3 R8d3 37. Nxc5 Rxf3+ 38. Kh2 bxc5 39. Qe7 Bd5 40. Qxc5 Rfd3 41. Rg2 Bxg2 42. Kxg2 R1d2+ 43. Kf1 Rb3 44. Ke1 Rh2 0-1

[Event "Turkey Cup 2020"]
[Site "Antalya-Belek"]
[Date "2020.01.28"]
[Round "4.75"]
[White "Eren, Alper"]
[Black "Hasanoglu, Hakan"]
[Result "0-1"]
[WhiteElo "1846"]
[BlackElo "1554"]
[Annotator "NA"]
[PlyCount "74"]
[EventDate "2020.01.26"]
[EventType "swiss"]
[EventCountry "TUR"]
[SourceTitle "playchess.com"]
[Source "ChessBase"]
[SourceQuality "1"]

1. e4 c5 2. Nf3 d6 3. d4 cxd4 4. Qxd4 Nc6 5. Bb5 Bd7 6. Bxc6 Bxc6 7. c4 f5 8. Nc3 fxe4 9. Nxe4 e5 10. Qe3 Nf6 11. Nc3 Be7 12. O-O O-O 13. Ng5 Qd7 14. Nge4 Nxe4 15. Nxe4 b5 16. cxb5 Bxb5 17. Rd1 Bc6 18. Bd2 d5 19. Ng3 Bf6 20. Bb4 Rfe8 21. Rac1 d4 22. Qd2 e4 23. Bc5 Rad8 24. Nh5 Qg4 25. Nxf6+ gxf6 26. Bxd4 e3 27. fxe3 Rxd4 28. h3 Rxd2 29. hxg4 Rxg2+ 30. Kf1 Be4 31. Rc7 Rxb2 32. Rxa7 Rc8 33. a4 Rh2 34. Rad7 Rcc2 35. Rd8+ Kg7 36. R1d7+ Kh6 37. g5+ Kxg5 0-1

[Event "Turkey Cup 2020"]
[Site "Antalya-Belek"]
[Date "2020.01.28"]
[Round "4.76"]
[White "Sarac, Mehmet Ali"]
[Black "Durmus, Kenan"]
[Result "1-0"]
[WhiteElo "1804"]
[BlackElo "1611"]
[Annotator "NA"]
[PlyCount "73"]
[EventDate "2020.01.26"]
[EventType "swiss"]
[EventCountry "TUR"]
[SourceTitle "playchess.com"]
[Source "ChessBase"]
[SourceQuality "1"]

1. d4 Nf6 2. Bf4 g6 3. Nc3 Bg7 4. e4 d6 5. Qd2 O-O 6. O-O-O c6 7. Bh6 b5 8. f3 Qa5 9. Kb1 Nbd7 10. h4 Ba6 11. h5 b4 12. Nce2 Rfc8 13. Bxg7 Kxg7 14. hxg6 fxg6 15. Qh6+ Kf7 16. Nh3 Nf8 17. Ng5+ Ke8 18. Nf4 Bxf1 19. Rhxf1 Ng8 20. Qh4 h6 21. Nge6 g5 22. Qh5+ Kd7 23. Nxf8+ Rxf8 24. Qh3+ Ke8 25. Ne6 Rf6 26. e5 dxe5 27. dxe5 Qxe5 28. Rfe1 Qa5 29. Qh5+ Rf7 30. Qg6 Nf6 31. Qxh6 Nh7 32. Qg6 Rc8 33. Qg8+ Nf8 34. Ng7+ Rxg7 35. Qxg7 Qc5 36. Re5 Ne6 37. Qg8+ 1-0

[Event "Turkey Cup 2020"]
[Site "Antalya-Belek"]
[Date "2020.01.28"]
[Round "4.77"]
[White "Gonullu, Muhammed Sinan"]
[Black "Demirkesen, Mehmet Cihad"]
[Result "1/2-1/2"]
[WhiteElo "1787"]
[BlackElo "1592"]
[Annotator "NA"]
[PlyCount "230"]
[EventDate "2020.01.26"]
[EventType "swiss"]
[EventCountry "TUR"]
[SourceTitle "playchess.com"]
[Source "ChessBase"]
[SourceQuality "1"]

1. d4 c6 2. Nf3 d5 3. c3 Bf5 4. Bg5 h6 5. Bh4 Nf6 6. Bxf6 exf6 7. e3 Bd6 8. Bd3 Be6 9. Nbd2 Nd7 10. O-O f5 11. c4 g5 12. cxd5 cxd5 13. Bb5 f6 14. Rc1 O-O 15. Qb3 Re8 16. Nb1 Re7 17. Nc3 Nb6 18. Nd2 Rc8 19. Ne2 Bf7 20. Ng3 Rxc1 21. Rxc1 f4 22. Nf5 Rc7 23. Re1 Qf8 24. a3 Bg6 25. Bd3 fxe3 26. Nxe3 Bf7 27. Nf5 Bf4 28. Nf1 Nc4 29. g3 Bd2 30. Re2 Ba5 31. Qa4 Bb6 32. h3 Nd6 33. N1e3 Nxf5 34. Bxf5 Qd6 35. Qd1 Qc6 36. Rc2 Qa4 37. Kg2 Rxc2 38. Nxc2 Qb3 39. Qc1 Qc4 40. Qd2 Kg7 41. h4 Bg6 42. Bxg6 Kxg6 43. hxg5 hxg5 44. g4 Qc8 45. Qd3+ Kg7 46. Ne3 Qe6 47. Nf5+ Kf8 48. Kf1 Ba5 49. b4 Bd8 50. Qe3 Kf7 51. Qd3 Bc7 52. Ne3 Bb6 53. Qh7+ Ke8 54. Qxb7 Bxd4 55. Nf5 Qe5 56. Qc8+ Kf7 57. Qd7+ Kf8 58. Nh6 Qe8 59. Qd6+ Kg7 60. Nf5+ Kg6 61. Qxd5 Be5 62. Qe4 Qb5+ 63. Kg2 Qb6 64. Qd5 Qb8 65. Qd7 Qa8+ 66. Kg1 Qh8 67. Ne7+ Kh6 68. Nc6 Bf4 69. Nd4 Kg6 70. Qf5+ Kf7 71. Qd5+ Kg6 72. Qh1 Qxh1+ 73. Kxh1 Bc1 74. a4 Ba3 75. Nc6 a6 76. Kg2 f5 77. Kf3 Kf6 78. gxf5 Kxf5 79. Nd4+ Ke5 80. Nc2 Bc1 81. Kg4 Kf6 82. b5 axb5 83. axb5 Bf4 84. Nd4 Ke7 85. b6 Kd7 86. b7 Bb8 87. Kxg5 Kc7 88. f4 Kxb7 89. f5 Be5 90. Nf3 Bh8 91. Kg6 Kc7 92. Ng5 Kd7 93. Kf7 Ba1 94. Nh3 Bb2 95. Ng5 Ba1 96. Ne6 Bb2 97. Nc5+ Kd6 98. Nd3 Ba1 99. Kg6 Ke7 100. Nb4 Kf8 101. Nc2 Bb2 102. Kg5 Kf7 103. Kf4 Kf6 104. Ke4 Be5 105. Na3 Bb2 106. Nc4 Ba1 107. Kf4 Bc3 108. Nb6 Be5+ 109. Ke4 Ba1 110. Nd5+ Kf7 111. Kd3 Bh8 112. Kc4 Bg7 113. Kc5 Bh8 114. Kd6 Bg7 115. Nf4 Ba1 1/2-1/2

[Event "Turkey Cup 2020"]
[Site "Antalya-Belek"]
[Date "2020.01.28"]
[Round "4.78"]
[White "Koca, Cisem"]
[Black "Kisadere, Kutay"]
[Result "0-1"]
[WhiteElo "1643"]
[BlackElo "1831"]
[Annotator "NA"]
[PlyCount "78"]
[EventDate "2020.01.26"]
[EventType "swiss"]
[EventCountry "TUR"]
[SourceTitle "playchess.com"]
[Source "ChessBase"]
[SourceQuality "1"]

1. d4 Nf6 2. Nf3 d5 3. g3 c6 4. Bg2 Bf5 5. O-O h6 6. b3 e6 7. c4 Nbd7 8. Nc3 Be7 9. Nd2 O-O 10. Bb2 Qa5 11. a3 Rac8 12. e4 dxe4 13. Ndxe4 Rfd8 14. Qc2 Nxe4 15. Bxe4 Bxe4 16. Nxe4 Nf6 17. Rfd1 Qh5 18. Nxf6+ Bxf6 19. Kg2 Rd7 20. Rd2 Rcd8 21. Rad1 Qg4 22. h3 Qg5 23. f4 Qh5 24. b4 b6 25. g4 Qh4 26. Qe4 h5 27. g5 Bxg5 28. Rf2 Bf6 29. Qxc6 Bxd4 30. Bxd4 Rxd4 31. Rxd4 Rxd4 32. Qe8+ Kh7 33. c5 Rd3 34. Rf3 Rd2+ 35. Kf1 Rd1+ 36. Kg2 Qe1 37. Rf2 Qh1+ 38. Kg3 Rd3+ 39. Kh4 Qxh3+ 0-1

[Event "Turkey Cup 2020"]
[Site "Antalya-Belek"]
[Date "2020.01.28"]
[Round "4.79"]
[White "Demirci, Fatih"]
[Black "Erkam, Hakan Oguzcan"]
[Result "1-0"]
[WhiteElo "1749"]
[BlackElo "1538"]
[Annotator "NA"]
[PlyCount "55"]
[EventDate "2020.01.26"]
[EventType "swiss"]
[EventCountry "TUR"]
[SourceTitle "playchess.com"]
[Source "ChessBase"]
[SourceQuality "1"]

1. e4 d6 2. Nc3 Nf6 3. f4 e5 4. Nf3 Nc6 5. Bb5 Bg4 6. O-O Be7 7. d4 exd4 8. Bxc6+ bxc6 9. Qxd4 O-O 10. Be3 c5 11. Qd3 Rb8 12. b3 Nd7 13. h3 Bxf3 14. Rxf3 Bf6 15. Rd1 Nb6 16. Nd5 Nxd5 17. Qxd5 Re8 18. g4 g6 19. Rdf1 Rb4 20. c4 Qe7 21. e5 Bg7 22. Bd2 Rbb8 23. f5 Qxe5 24. fxg6 Rf8 25. gxf7+ Kh8 26. Qxe5 Bxe5 27. Bg5 d5 28. cxd5 1-0

[Event "Turkey Cup 2020"]
[Site "Antalya-Belek"]
[Date "2020.01.28"]
[Round "4.80"]
[White "Gundogan, Sinem Cagla"]
[Black "Turkkan, Ece"]
[Result "1-0"]
[WhiteElo "1808"]
[BlackElo "1563"]
[Annotator "NA"]
[PlyCount "99"]
[EventDate "2020.01.26"]
[EventType "swiss"]
[EventCountry "TUR"]
[SourceTitle "playchess.com"]
[Source "ChessBase"]
[SourceQuality "1"]

1. e4 c5 2. b3 d6 3. Bb2 Nf6 4. Nc3 g6 5. Bb5+ Bd7 6. Bxd7+ Qxd7 7. Nge2 Bg7 8. d3 Nc6 9. Qd2 Rb8 10. Nd5 O-O 11. Nxf6+ Bxf6 12. Bxf6 exf6 13. Nf4 Ne7 14. Qc3 Kg7 15. O-O Qg4 16. Qd2 Nc6 17. Nd5 Nd4 18. Kh1 h5 19. h3 Qe6 20. c3 Nc6 21. f4 Qd7 22. d4 cxd4 23. cxd4 Ne7 24. Nxe7 Qxe7 25. Rae1 Qc7 26. d5 Rbc8 27. Rc1 Qb6 28. Qe2 Qd4 29. Rcd1 Qc3 30. Rf3 Qc2 31. Rd2 Qb1+ 32. Rd1 Rc2 33. Rxb1 Rxe2 34. Rc1 Rxe4 35. Rc7 Re1+ 36. Kh2 Rd1 37. Rxb7 Re8 38. h4 Re2 39. a4 Rdd2 40. Rg3 Rb2 41. f5 g5 42. hxg5 fxg5 43. Rxg5+ Kf6 44. Rg3 h4 45. Rg8 Rf2 46. Rd7 Rxb3 47. Rxd6+ Ke7 48. Rdd8 Rd3 49. d6+ Rxd6 50. Rge8+ 1-0

[Event "Turkey Cup 2020"]
[Site "Antalya-Belek"]
[Date "2020.01.28"]
[Round "4.82"]
[White "Seb, Ozgur"]
[Black "Gur, Tuba"]
[Result "1/2-1/2"]
[WhiteElo "1573"]
[BlackElo "1782"]
[Annotator "NA"]
[PlyCount "113"]
[EventDate "2020.01.26"]
[EventType "swiss"]
[EventCountry "TUR"]
[SourceTitle "playchess.com"]
[Source "ChessBase"]
[SourceQuality "1"]

1. c4 e6 2. g3 d5 3. cxd5 exd5 4. d4 Nf6 5. Bg2 c6 6. Nf3 Bd6 7. O-O O-O 8. Nc3 Re8 9. Qd3 Ne4 10. Nd2 Nxd2 11. Bxd2 Bb4 12. f3 b6 13. Rfe1 Ba6 14. Qc2 Bxc3 15. Bxc3 Re3 16. Kf2 Qe8 17. Qd2 Re6 18. e4 Nd7 19. exd5 cxd5 20. Rxe6 Qxe6 21. Re1 Qc6 22. g4 Nf6 23. h3 Re8 24. Re5 Re6 25. Qe3 Nd7 26. Rxe6 Qxe6 27. g5 Nf8 28. f4 Ng6 29. Qxe6 fxe6 30. f5 Nf4 31. fxe6 Bc8 32. e7 Kf7 33. h4 Nxg2 34. e8=Q+ Kxe8 35. Kxg2 Ke7 36. Kf3 Bf5 37. h5 a5 38. Be1 a4 39. a3 Bc2 40. Bg3 Bd1+ 41. Kf4 Bxh5 42. Ke5 Bf3 43. Bf4 Be4 44. Bd2 Kd7 45. Bc1 Kc6 46. Bd2 Kb5 47. Bc3 Kc4 48. Kf4 Kd3 49. Ke5 Kc2 50. Kd6 Kb3 51. Ke6 h5 52. gxh6 gxh6 53. Ke5 b5 54. Kf4 b4 55. Bxb4 Kxb2 56. Kg4 Bg6 57. Kh4 1/2-1/2